Detalles MARC
| 000 -LIDER |
| fixed length control field |
02501nam a2200385 i 4500 |
| 001 - NÚMERO DE CONTROL |
| Identificador de número de control |
000020741 |
| 003 - IDENTIFICACDOR DE NÚMERO DE CONTROL |
| control field |
DO-SdBPM |
| 005 - DATE AND TIME OF LATEST TRANSACTION |
| control field |
20250821114331.0 |
| 007 - CAMPOS FIJOS DE DESCRIPCIÓN FÍSICA |
| fixed length control field |
ta |
| 008 - ELEMENTOS DE LONGITUD FIJA |
| fixed length control field |
100813s2015 dr ac r 000 0 spa d |
| 020 ## - ISBN |
| International Standard Book Number |
9789993431497 |
| 040 ## - FUENTE DE CATALOGACIÓN |
| Agencia que crea de manera original el registro |
DO-SdBPM |
| Idioma de catalogación |
spa |
| Agencia que realiza la transcripción |
BPMSU |
| Convenciones de la despripción |
rda |
| 041 17 - CÓDIGOS DE OBRAS TRADUCIDAS O EN VARIOS IDIOMAS |
| Código del idioma del texto/archivo de sonido o separata |
spa |
| Cód. del idioma original y/o traducciones intermedias del texto |
eng |
| 082 #4 - NÚMERO DE CLASIFICACIÓN DECIMAL DE DEWEY |
| Classification number |
923.27293 |
| Item number |
D812j 2015 |
| Edition number |
22 |
| 245 00 - MENCIÓN DE TITULO |
| Título |
Juan Pablo Duarte = |
| Subtítulo |
the humanist: El humanista / |
| Mención de responsabilidad |
A bilingual selection of his writings =selección bilingûe de sus escritos ; editors compiladoras, Rhina P. Espaillat, Sarah Aponte ; prólogo, Ramona Hernández. |
| 264 ## - PRODUCTION, PUBLICATION, DISTRIBUTION, MANUFACTURE, AND COPYRIGHT NOTICE |
| Place of production, publication, distribution, manufacture |
Santo Domingo : |
| Name of producer, publisher, distributor, manufacturer |
Biblioteca Nacional Pedro Henríquez Ureña, |
| Date of production, publication, distribution, manufacture, or copyright notice |
2015. |
| 300 ## - DESCRIPCIÓN FÍSICA |
| Extensión |
193 páginas : |
| Otros detalles físicos |
ilustraciones, retratos ; |
| Dimensiones |
26 cm. |
| 336 ## - CONTENT TYPE |
| Source |
rdacontent |
| Content type term |
texto |
| Content type code |
txt |
| 337 ## - MEDIA TYPE |
| Source |
rdamedia |
| Media type term |
sin mediación |
| Media type code |
n |
| 338 ## - CARRIER TYPE |
| Source |
rdacarrier |
| Carrier type term |
volumen |
| Carrier type code |
nc |
| 500 ## - NOTA GENERAL |
| Nota general |
Incluye referencias bibliográficas y notas al pie de las páginas |
| 504 ## - NOTA DE BIBLIOGRAFÍA, ETC. |
| Bibliography, etc |
Bibliografía: p. 176-185 |
| 505 ## - NOTA DE CONTENIDO |
| Texto normalizado de contenido |
Introducción a Duarte, su era y su sitio: un ejercicio para la imaginación -- |
| Título |
Biografía de Juan Pablo Duarte y Díez -- |
| -- |
Documentos selectos-- |
| -- |
Selección de poemas por Juan Pablo Duarte -- |
| -- |
Ensayo final : Duarte en las Américas -- |
| -- |
Material curricular -- |
| -- |
contribuidores -- |
| -- |
Juan Pablo Duarte : bibliografía selecta -- |
| -- |
Selección de imágenes |
| 505 ## - NOTA DE CONTENIDO |
| Texto normalizado de contenido |
"Al igual que sus cartas, proclamas, poemas y otros textos trascendentes que escribió, incluida la Constitución inconclusa que tituló Ley Fundacional, esta obra sitúa a Juan Pablo Duarte, el Padre de la Nación Dominicana, en sus dimensiones auténticas, funcionando como una especie de Biografía apasionante: alimentado por las ideas más avanzadas de su tiempo luego de sus estudios en Estados Unidos y Europa durante su adolescencia, este hombre extraordinario fundó La Trinitaria con el fin de lograr su objetivo de la independencia dominicana de la ocupación haitiana en 1844. |
| 590 ## - NOTA LOCAL |
| Texto de la nota local |
Inventariado, 2025/VM |
| 600 14 - ENCABEZAMIENTO DE MATERIA--NOMBRE PERSONAL |
| Nombre personal |
Duarte, Juan Pablo |
| Fechas asociadas con el nombre |
1813-1876 |
| Subdivisión de forma |
Correspondencias |
| 600 14 - ENCABEZAMIENTO DE MATERIA--NOMBRE PERSONAL |
| Nombre personal |
Duarte, Juan Pablo |
| Fechas asociadas con el nombre |
1813-1876 |
| Subdivisión temática general |
Poesía |
| Subdivisión de forma |
Bibliografía |
| 650 #7 - ENCABEZAMIENTO DE MATERIA--TEMÁTICO |
| Término temático o nombre geográfico como elemento de entrada |
Estadístas |
| Subdivisión geográfica |
República Dominicana |
| Subdivisión de forma |
Biografías |
| 651 #7 - ENCABEZAMIENTO DE MATERIA--NOMBRE GEOGRÁFICO |
| Nombre geográfico |
República Dominicana |
| Subdivisión temática general |
Historia |
| Subdivisión cronológica |
1844-1930 |
| Subdivisión de forma |
Bibliografías |
| 700 1# - ASIENTO SECUNDARIO -- NOMBRE PERSONAL |
| Nombre personal |
Espaillat, Rhina P., |
| Forma completa del nombre |
(Rhina Polonia), |
| Fechas asociadas con el nombre |
1932- |
| Mención de responsabilidad |
compiladora |
| 700 1# - ASIENTO SECUNDARIO -- NOMBRE PERSONAL |
| Nombre personal |
Aponte, Sarah, |
| Mención de responsabilidad |
compiladora |
| 700 1# - ASIENTO SECUNDARIO -- NOMBRE PERSONAL |
| Nombre personal |
Hernández, Ramona, |
| Mención de responsabilidad |
prólogo |
| 910 ## - VALIDACIÓN |
| Validación |
VMateo V. Control de calidad BPMSU |
| 942 ## - ADDED ENTRY ELEMENTS (KOHA) |
| Source of classification or shelving scheme |
Dewey Decimal Classification |
| Koha item type |
Libros |